00418nam a2200181Ia 4500003000400000005001700004008004100021020002200062040000700084041000800091082001500099100001700114245002300131260004400154300001200198365001700210650000900227OSt20230509110732.0210423s2012 xx 000 0 und d a978-0-19-832766-0 cAL aeng a641.3 TULF aTULL (Anita) aFood and Nutrition aNew YorkbOxford University Pressc2012 a282bPB b1946.52cGBP aFood